|
|
|
|
| LEADER |
01870nam a2200493 a 4500 |
| 001 |
nkc20112181976 |
| 003 |
CZ PrNK |
| 005 |
20110613102304.0 |
| 007 |
ta |
| 008 |
110408s2011 xr e p 000 0 cze |
| 015 |
|
|
|a cnb002181976
|
| 020 |
|
|
|a 978-80-7395-383-6
|q (brož.)
|
| 035 |
|
|
|a (OCoLC)730408922
|
| 040 |
|
|
|a OLA001
|b cze
|d BOA001
|d ABA001
|
| 072 |
|
7 |
|a 101
|x Filozofie
|2 Konspekt
|9 5
|
| 072 |
|
7 |
|a 37.016
|x Učební osnovy. Vyučovací předměty. Učebnice
|2 Konspekt
|9 22
|
| 080 |
|
|
|a 101
|2 MRF
|
| 080 |
|
|
|a 101.8
|2 MRF
|
| 080 |
|
|
|a 14(091)
|2 MRF
|
| 080 |
|
|
|a (07)
|2 MRF
|
| 245 |
0 |
0 |
|a Úvod do filosofie :
|b studijní texty pro pedagogy /
|c Tomáš Hejduk (ed.) ... [et al.]
|
| 246 |
3 |
|
|a Úvod do filozofie
|
| 250 |
|
|
|a Vyd. 1.
|
| 260 |
|
|
|a Pardubice :
|b Univerzita Pardubice,
|c 2011
|
| 300 |
|
|
|a 272 s. ;
|c 24 cm
|
| 500 |
|
|
|a Na obálce pod názvem: Univerzita Pardubice, Fakulta filozofická; Projekt Religionistické a filosofické vzdělávací centrum
|
| 500 |
|
|
|a 360 výt.
|
| 504 |
|
|
|a Obsahuje bibliografie a bibliografické odkazy
|
| 650 |
0 |
7 |
|a filozofie
|7 ph114540
|2 czenas
|
| 650 |
0 |
7 |
|a filozofické myšlení
|7 ph137813
|2 czenas
|
| 650 |
0 |
7 |
|a dějiny filozofie
|7 ph137168
|2 czenas
|
| 650 |
0 |
9 |
|a philosophy
|2 eczenas
|
| 650 |
0 |
9 |
|a philosophical thought
|2 eczenas
|
| 650 |
0 |
9 |
|a history of philosophy
|2 eczenas
|
| 655 |
|
7 |
|a učební texty
|7 fd133599
|2 czenas
|
| 655 |
|
9 |
|a educational texts
|2 eczenas
|
| 700 |
1 |
|
|a Hejduk, Tomáš,
|d 1973-
|7 xx0015294
|4 aut
|4 edt
|
| 710 |
2 |
|
|a Univerzita Pardubice.
|b Filozofická fakulta
|7 ko2006325566
|
| 710 |
2 |
|
|a Religionistické a filosofické vzdělávací centrum (projekt)
|7 kn20110503018
|
| 910 |
2 |
|
|a BOA001
|b 2-1266.247
|
| 990 |
|
|
|a BK
|
| 995 |
|
|
|a 01
|
| 991 |
|
|
|b 201105
|c NOV
|e n
|
| 996 |
6 |
|
|b 2610477915
|c 2-1266.247
|l MZK
|r Sklad / do 1 hodiny
|n 2
|p p.v.
|w 001178812
|u 000010
|a 1
|e BOA001
|j MZK50
|s P
|